[Event "IECC Y2KO email"]
[Site "IECC email"]
[Date "1999.10.14"]
[Round "?"]
[White "Walsh, Kevin"]
[Black "Kos, Sabine"]
[Result "1-0"]
[WhiteElo "1783"]
[BlackElo "1132"]
[PlyCount "73"]
[EventDate "1999.??.??"]
[EventType "tourn (corr)"]
[EventRounds "2"]
[SourceTitle "Corr 2008"]
[Source "ChessBase"]
[SourceDate "2008.06.24"]
[SourceVersion "1"]
[SourceVersionDate "2008.06.24"]
[SourceQuality "1"]

1. d4 Nf6 2. Nc3 d5 3. e4 e6 4. Be3 Nxe4 5. Nxe4 dxe4 6. Bc4 Nc6 7. c3 f6 8. f3 Na5 9. Be2 Qd5 10. Qc2 exf3 11. Nxf3 Nc6 12. 0-0 Bd6 13. c4 Nb4 14. Qd2 Qe4 15. Rae1 0-0 16. a3 Nc6 17. Bd3 Qg4 18. Qc2 g6 19. h3 Qh5 20. Be2 Bg3 21. Ne5 Qh4 22. Nf3 Qh5 23. Rd1 Qa5 24. c5 b5 25. Qe4 Bb7 26. Qg4 b4 27. axb4 Qxb4 28. Qxg3 Rf7 29. Rf2 Rd8 30. Rc1 Qxb2 31. Bc4 a5 32. Rxb2 Bc8 33. Rf1 Nb4 34. Ng5 Re7 35. Nxh7 Rxh7 36. Qxg6+ Rg7 37. Qxf6 1-0